header

Anatomy & physiology / (Record no. 266392)

MARC details
000 -LEADER
fixed length control field 01808cam a22005294a 4500
001 - CONTROL NUMBER
control field 12465050
003 - CONTROL NUMBER IDENTIFIER
control field OSt
005 - DATE AND TIME OF LATEST TRANSACTION
control field 20260622084126.0
008 - FIXED-LENGTH DATA ELEMENTS--GENERAL INFORMATION
fixed length control field 010710s2003 maua 001 0 eng c
010 ## - LIBRARY OF CONGRESS CONTROL NUMBER
LC control number 2001044179
020 ## - INTERNATIONAL STANDARD BOOK NUMBER
International Standard Book Number 0072351136
Qualifying information alk. paper
International Standard Book Number 0071150900
Qualifying information ISE
International Standard Book Number 9780072351132
Qualifying information (alk. paper)
International Standard Book Number 9780071150903
Qualifying information (ISE)
035 ## - SYSTEM CONTROL NUMBER
System control number 12465050
System control number (DNLM)101122459
040 ## - CATALOGING SOURCE
Original cataloging agency DNLM/DLC
Transcribing agency DLC
Modifying agency DLC
042 ## - AUTHENTICATION CODE
Authentication code pcc
050 00 - LIBRARY OF CONGRESS CALL NUMBER
Classification number QP34.5
Item number .S4 2003
060 10 - NATIONAL LIBRARY OF MEDICINE CALL NUMBER
Classification number QT 104
Item number S452a 2003
082 00 - DEWEY DECIMAL CLASSIFICATION NUMBER
Classification number 612
Edition number 21
100 1# - MAIN ENTRY--PERSONAL NAME
Personal name Seeley, Rod R.
245 10 - TITLE STATEMENT
Title Anatomy & physiology /
Statement of responsibility, etc Rod R. Seeley, Trent D. Stephens, Philip Tate.
246 3# - VARYING FORM OF TITLE
Title proper/short title Anatomy and physiology
250 ## - EDITION STATEMENT
Edition statement 6th ed.
260 ## - PUBLICATION, DISTRIBUTION, ETC. (IMPRINT)
Place of publication, distribution, etc Boston :
Name of publisher, distributor, etc McGraw-Hill,
Date of publication, distribution, etc c2003.
300 ## - PHYSICAL DESCRIPTION
Extent 1 v. (in various pagings) :
Other physical details col. ill. ;
Dimensions 29 cm.
336 ## - CONTENT TYPE
Content type term text
Content type code txt
Source rdacontent
337 ## - MEDIA TYPE
Media type term unmediated
Media type code n
Source rdamedia
338 ## - CARRIER TYPE
Carrier type term volume
Carrier type code nc
Source rdacarrier
500 ## - GENERAL NOTE
General note Rev. ed. of: Anatomy & physiology. 5th ed. c2000.
General note Includes index.
650 #0 - SUBJECT ADDED ENTRY--TOPICAL TERM
Topical term or geographic name as entry element Human physiology.
Topical term or geographic name as entry element Human anatomy.
Topical term or geographic name as entry element Physiology.
Topical term or geographic name as entry element Anatomy.
700 1# - ADDED ENTRY--PERSONAL NAME
Personal name Stephens, Trent D.
Personal name Tate, Philip.
Personal name Seeley, Rod R.
Title of a work Anatomy & physiology.
856 42 - ELECTRONIC LOCATION AND ACCESS
Materials specified Publisher description
Uniform Resource Identifier <a href="http://www.loc.gov/catdir/description/mh021/2001044179.html">http://www.loc.gov/catdir/description/mh021/2001044179.html</a>
Materials specified Table of contents
Uniform Resource Identifier <a href="http://www.loc.gov/catdir/toc/mh021/2001044179.html">http://www.loc.gov/catdir/toc/mh021/2001044179.html</a>
906 ## - LOCAL DATA ELEMENT F, LDF (RLIN)
a 7
b cbc
c orignew
d 1
e ocip
f 20
g y-gencatlg
942 ## - ADDED ENTRY ELEMENTS (KOHA)
Source of classification or shelving scheme Library of Congress Classification
Koha item type Long Loan Books
Holdings
Withdrawn status Lost status Source of classification or shelving scheme Damaged status Not for loan Collection code Home library Current library Shelving location Date acquired Total Checkouts Full call number Barcode Date last seen Price effective from Koha item type
    Library of Congress Classification     Non-fiction Rongo University Library Rongo University Library General Stacks 22/06/2026   QP34.5 .S4 2003 20262161 22/06/2026 22/06/2026 Long Loan Books

© 2026 Rongo University
Contact us: librarian | system librarian | Rongo university